| 000 | 01014cam a2200325 4500 | ||
|---|---|---|---|
| 001 | J95758 | ||
| 008 | 090401t1998 xxu||||| |||| 00| 0 eng d | ||
| 020 | _a186081235X | ||
| 035 | _a(Sirsi) u90390 | ||
| 041 | _aeng | ||
| 050 | _a690.25 | ||
| 100 | _aHarrison, H. W. | ||
| 245 | _aBRE building elements : walls, windows and doors : performance, diagnosis, maintenance repair and the avoidance of defects. | ||
| 260 |
_aLondon _bCRC Ltd. _c1998 |
||
| 300 | _avi,302p. : ill. ; 30cm. | ||
| 350 | _a45 | ||
| 490 |
_aBR _v352 |
||
| 650 | _aBUILDING DEFECTS | ||
| 650 | _aBUILDING FAILURES | ||
| 650 | _aBUILT ENVIRONMENT-BUILDING MAINTENANCE AND REFURBISHMENT | ||
| 650 | _aBUILDING REPAIRS | ||
| 650 | _aDOORS | ||
| 650 | _aBUILT ENVIRONMENT-BUILDING ELEMENTS-COMPLETE BUILDING ELEMENTS-WALLS | ||
| 650 | _aWINDOWS | ||
| 690 | _aBUILDING AND CONSTRUCTION-DEFECTS AND FAILURES | ||
| 700 | _aDe Vekey, R. C. | ||
| 710 | _aBuilding Research Establishment | ||
| 942 | _n0 | ||
| 948 | _c18/12/1998 | ||
| 999 |
_c97548 _d97548 |
||